000803501 001__ 803501 000803501 005__ 20260115140301.0 000803501 0247_ $$2WOS$$aWOS:000458114800133 000803501 0247_ $$2SCOPUS$$aSCOPUS:2-s2.0-85062181883 000803501 0247_ $$2DOI$$a10.1109/CDC.2018.8619335 000803501 0247_ $$2ISBN$$a978-1-5386-1394-8 000803501 0247_ $$2ISBN$$a978-1-5386-1395-5 000803501 0247_ $$2ISBN$$a978-1-5386-1396-2 000803501 0247_ $$2ISSN$$a0743-1546 000803501 0247_ $$2ISSN$$a2576-2370 000803501 037__ $$aRWTH-CONV-242623 000803501 041__ $$aEnglish 000803501 1001_ $$0P:(DE-82)IDM04384$$aBaumann, Dominik Oliver$$b0$$eCorresponding author 000803501 1112_ $$a57. IEEE Conference on Decision and Control$$cMiami Beach, FL$$d2018-12-17 - 2018-12-19$$gCDC$$wUSA 000803501 245__ $$aDeep Reinforcement Learning for Event-Triggered Control$$hdata medium, online, print 000803501 260__ $$aPiscataway, NJ$$bIEEE$$c2018 000803501 260__ $$c2019 000803501 29510 $$a2018 IEEE Conference on Decision and Control (CDC) : 17-19 Dec. 2018 / general chair: Andrew R. Teel (University of California, Santa Barbara) 000803501 300__ $$a943-950 000803501 3367_ $$033$$2EndNote$$aConference Paper 000803501 3367_ $$0PUB:(DE-HGF)7$$2PUB:(DE-HGF)$$aContribution to a book 000803501 3367_ $$0PUB:(DE-HGF)8$$2PUB:(DE-HGF)$$aContribution to a conference proceedings$$bcontrib$$mcontrib$$s123456789_1111 000803501 3367_ $$2BibTeX$$aINPROCEEDINGS 000803501 3367_ $$2DRIVER$$aconferenceObject 000803501 3367_ $$2DataCite$$aOutput Types/Conference Paper 000803501 3367_ $$2ORCID$$aCONFERENCE_PAPER 000803501 500__ $$aDatenträger: USB-Stick. - Date Added to IEEE Xplore: 20 January 2019 000803501 591__ $$aGermany 000803501 7001_ $$aZhu, Jia-Jie$$b1$$eCorresponding author 000803501 7001_ $$aMartius, Georg$$b2$$eCorresponding author 000803501 7001_ $$0P:(DE-82)IDM03985$$aTrimpe, Johann Sebastian$$b3$$eCorresponding author 000803501 9151_ $$0StatID:(DE-HGF)0031$$2StatID$$aPeer reviewed article$$x0 000803501 961__ $$c2020-10-02T12:44:20.807$$x2020-10-02T12:44:20.807$$z2020-10-02T12:44:20.807 000803501 970__ $$abaumann2018deep-RWTHp 000803501 9801_ $$aEXTERN4VITA 000803501 980__ $$aI:(DE-82)422610_20200514 000803501 980__ $$aUNRESTRICTED 000803501 980__ $$acontb 000803501 980__ $$acontrib 000803501 980__ $$aI:(DE-82)120000_20140620